| 000 | 00589cam a22001937i 4500 | ||
|---|---|---|---|
| 999 |
_c109711 _d109711 |
||
| 001 | 18693517 | ||
| 005 | 20181221095332.0 | ||
| 008 | 150709t20162016nyuab b 001 0 eng d | ||
| 020 | _a9781940291154 | ||
| 020 | _a1940291151 | ||
| 040 | _cPK-LaUMT | ||
| 082 | 0 | 4 |
_a712 _bBET-M |
| 100 | 1 | _aBetsky, Aaron | |
| 245 | 1 | 0 |
_aMaking it modern : _bthe history of Modernism in architecture and design / _cAaron Betsky |
| 260 |
_aNew York : _bActar Publishers, _c2016 |
||
| 300 |
_a351 p. : _billustrations (some color), maps ; _c24 cm |
||
| 650 | 0 | _aModern movement (Architecture) | |
| 942 | _cBK | ||